|
|
|
|
| LEADER |
01923nam a2200433 i 4500 |
| 001 |
EBC4931507 |
| 003 |
MiAaPQ |
| 005 |
20200520144314.0 |
| 006 |
m o d | |
| 007 |
cr cnu|||||||| |
| 008 |
170824t20172017gw a ob 000 0 eng d |
| 020 |
|
|
|z 9783110559170
|
| 020 |
|
|
|a 9783110562095
|q (electronic bk.)
|
| 035 |
|
|
|a (MiAaPQ)EBC4931507
|
| 035 |
|
|
|a (Au-PeEL)EBL4931507
|
| 035 |
|
|
|a (CaPaEBR)ebr11419551
|
| 035 |
|
|
|a (CaONFJC)MIL1024491
|
| 035 |
|
|
|a (OCoLC)999636461
|
| 040 |
|
|
|a MiAaPQ
|b eng
|e rda
|e pn
|c MiAaPQ
|d MiAaPQ
|
| 050 |
|
4 |
|a HG4028.V3
|b .S745 2017
|
| 082 |
0 |
|
|a 658.15
|2 23
|
| 100 |
1 |
|
|a Stein, Jan Paul,
|e author.
|
| 245 |
1 |
0 |
|a Technology-focused acquisitions :
|b performance and functionality as differentiators /
|c Jan Paul Stein.
|
| 264 |
|
1 |
|a Berlin, [Germany] ;
|a Boston, [Massachusetts] :
|b De Gruyter Oldenbourg,
|c 2017.
|
| 264 |
|
4 |
|c 2017
|
| 300 |
|
|
|a 1 online resource (288 pages) :
|b illustrations, tables
|
| 336 |
|
|
|a text
|2 rdacontent
|
| 337 |
|
|
|a computer
|2 rdamedia
|
| 338 |
|
|
|a online resource
|2 rdacarrier
|
| 504 |
|
|
|a Includes bibliographical references.
|
| 588 |
|
|
|a Description based on online resource; title from PDF title page (ebrary, viewed August 24, 2017).
|
| 590 |
|
|
|a Electronic reproduction. Ann Arbor, MI : ProQuest, 2016. Available via World Wide Web. Access may be limited to ProQuest affiliated libraries.
|
| 650 |
|
0 |
|a Business enterprises
|x Valuation.
|
| 650 |
|
0 |
|a Negotiation in business.
|
| 650 |
|
0 |
|a Business enterprises
|x Purchasing.
|
| 655 |
|
4 |
|a Electronic books.
|
| 776 |
0 |
8 |
|i Print version:
|a Stein, Jan Paul.
|t Technology-focused acquisitions : performance and functionality as differentiators.
|d Berlin, [Germany] ; Boston, [Massachusetts] : De Gruyter Oldenbourg, c2017
|h xxii, 206 pages
|z 9783110559170
|
| 797 |
2 |
|
|a ProQuest (Firm)
|
| 856 |
4 |
0 |
|u https://ebookcentral.proquest.com/lib/matrademy/detail.action?docID=4931507
|z Click to View
|